[Event "SRB-chT3 Liga Sued CS"]
[Site "Serbia"]
[Date "2011.09.11"]
[Round "1"]
[White "Milutinovic, Zoran"]
[Black "Zlatanovic, Nikola"]
[Result "1/2-1/2"]
[WhiteElo "2143"]
[BlackElo "2121"]
[PlyCount "31"]
[EventDate "2011.09.11"]
[EventType "team"]
[EventRounds "11"]
[EventCountry "SRB"]
[SourceTitle "EXT 2015"]
[Source "ChessBase"]
[SourceDate "2014.11.20"]
[SourceVersion "1"]
[SourceVersionDate "2014.11.20"]
[SourceQuality "1"]

1. d4 Nf6 2. Nf3 e6 3. c4 b6 4. g3 Bb7 5. Bg2 Bb4+ 6. Bd2 Be7 7. 0-0 0-0 8. Nc3 d6 9. Bg5 Ne4 10. Nxe4 Bxe4 11. Bxe7 Qxe7 12. Ne1 Bxg2 13. Nxg2 f5 14. e3 Nd7 15. h4 Nf6 16. Nf4 1/2-1/2

[Event "SRB-chT2 East"]
[Site "Serbia"]
[Date "2006.09.23"]
[Round "3.3"]
[White "Milutinovic, Zoran"]
[Black "Biljanic, Ljubomir"]
[Result "0-1"]
[WhiteElo "2174"]
[BlackElo "2279"]
[PlyCount "69"]
[EventDate "2006.09.09"]
[EventType "team"]
[EventRounds "11"]
[EventCountry "SRB"]
[SourceTitle "EXT 2012"]
[Source "ChessBase"]
[SourceDate "2011.11.24"]
[SourceVersion "1"]
[SourceVersionDate "2011.11.24"]
[SourceQuality "1"]

1. d4 Nf6 2. c4 e6 3. Nf3 b6 4. g3 Ba6 5. Qa4 Bb7 6. Bg2 Be7 7. 0-0 0-0 8. Nc3 Ne4 9. Nxe4 Bxe4 10. Ne1 Bxg2 11. Nxg2 Nc6 12. Rd1 Bf6 13. e3 Qc8 14. Nf4 Qb7 15. Qc2 Rac8 16. Qe4 Bg5 17. Nd3 Rfd8 18. b3 d5 19. cxd5 exd5 20. Qg4 Bf6 21. Bb2 Ne7 22. Rac1 g6 23. Qf4 Kg7 24. a4 Nf5 25. Ne5 Re8 26. Qf3 Nd6 27. Ng4 Re6 28. Rc2 Rce8 29. Rdc1 Bd8 30. Rc6 Nf5 31. Rxe6 Rxe6 32. Rc2 Be7 33. Ne5 Rf6 34. Qg4 Re6 35. Qf4 0-1

[Event "SRB-chT 1st League"]
[Site "Serbia"]
[Date "2005.09.27"]
[Round "4.3"]
[White "Andric, Zoran B"]
[Black "Milutinovic, Zoran"]
[Result "1/2-1/2"]
[WhiteElo "2260"]
[BlackElo "2171"]
[PlyCount "45"]
[EventDate "2005.09.25"]
[EventType "team"]
[EventRounds "11"]
[EventCountry "SRB"]
[SourceTitle "EXT 2012"]
[Source "ChessBase"]
[SourceDate "2011.11.24"]
[SourceVersion "1"]
[SourceVersionDate "2011.11.24"]
[SourceQuality "1"]
[WhiteTeam "Sloboda Bohor"]
[BlackTeam "Jastrebac Blace"]
[WhiteTeamCountry "SRB"]
[BlackTeamCountry "SRB"]

1. d4 Nf6 2. c4 c5 3. Nf3 cxd4 4. Nxd4 e5 5. Nb5 d5 6. cxd5 Qa5+ 7. N5c3 b5 8. Nd2 b4 9. Nce4 Nxe4 10. Nxe4 Bb7 11. g3 Qxd5 12. Qxd5 Bxd5 13. Bg2 Nd7 14. 0-0 f5 15. Nd6+ Bxd6 16. Bxd5 Rd8 17. Be6 Rf8 18. Rd1 Ke7 19. Bb3 h6 20. Rd5 Nc5 21. Bc4 Rc8 22. b3 Rfd8 23. a3 1/2-1/2

[Event "SRB-chT 1st League"]
[Site "Serbia"]
[Date "2005.09.26"]
[Round "2.4"]
[White "Irizanin, Radoje"]
[Black "Milutinovic, Zoran"]
[Result "1-0"]
[WhiteElo "2228"]
[BlackElo "2171"]
[PlyCount "69"]
[EventDate "2005.09.25"]
[EventType "team"]
[EventRounds "11"]
[EventCountry "SRB"]
[SourceTitle "EXT 2012"]
[Source "ChessBase"]
[SourceDate "2011.11.24"]
[SourceVersion "1"]
[SourceVersionDate "2011.11.24"]
[SourceQuality "1"]
[WhiteTeam "Takovo Metalac"]
[BlackTeam "Jastrebac Blace"]
[WhiteTeamCountry "SRB"]
[BlackTeamCountry "SRB"]

1. d4 c6 2. Nf3 d5 3. c4 Nf6 4. Nc3 e6 5. Bg5 Nbd7 6. cxd5 exd5 7. e3 Be7 8. Qc2 0-0 9. Bd3 Re8 10. h3 Nf8 11. 0-0-0 Ne4 12. Bxe7 Qxe7 13. Bxe4 dxe4 14. Nh2 f5 15. g4 Nd7 16. gxf5 Nf6 17. Kb1 Bxf5 18. f4 Qf7 19. Rc1 Kh8 20. Nf1 Be6 21. Ka1 Bd5 22. Rg1 Qh5 23. Qg2 Re7 24. Nh2 Qf7 25. Ng4 Nxg4 26. hxg4 Rd8 27. Rh1 Kg8 28. Rh4 g6 29. Rch1 Qf6 30. Rh6 Rd6 31. Qh2 Qg7 32. f5 Rf6 33. fxg6 Rxg6 34. Qb8+ Qf8 35. Rxg6+ 1-0

[Event "SRB-chT 1st League"]
[Site "Serbia"]
[Date "2005.09.25"]
[Round "1.1"]
[White "Milutinovic, Zoran"]
[Black "Marinkovic, Ivan"]
[Result "1/2-1/2"]
[WhiteElo "2171"]
[BlackElo "2444"]
[PlyCount "60"]
[EventDate "2005.09.25"]
[EventType "team"]
[EventRounds "11"]
[EventCountry "SRB"]
[SourceTitle "EXT 2012"]
[Source "ChessBase"]
[SourceDate "2011.11.24"]
[SourceVersion "1"]
[SourceVersionDate "2011.11.24"]
[SourceQuality "1"]
[WhiteTeam "Jastrebac Blace"]
[BlackTeam "Borac"]
[WhiteTeamCountry "SRB"]
[BlackTeamCountry "SRB"]

1. b3 e5 2. Bb2 Nc6 3. c4 Nf6 4. Nf3 e4 5. Nd4 Bc5 6. Nxc6 dxc6 7. e3 Bf5 8. Na3 Qe7 9. Nc2 0-0 10. Be2 Nd7 11. d4 exd3 12. Bxd3 Bxd3 13. Qxd3 f5 14. 0-0-0 Ne5 15. Qe2 a5 16. h3 Ng6 17. Qd2 Bd6 18. g3 Kh8 19. Kb1 a4 20. Nd4 axb3 21. axb3 Ba3 22. Ba1 Bb4 23. Qc2 c5 24. Nb5 h6 25. Bb2 Rf7 26. h4 Qe6 27. Nc3 c6 28. Ne2 h5 29. Nf4 Nxf4 30. gxf4 b5 1/2-1/2

[Event "SCG-chT1 Central"]
[Site "Vrnjacka Banja"]
[Date "2004.09.27"]
[Round "4.5"]
[White "Milutinovic, Zoran"]
[Black "Marinkovic, Ivan"]
[Result "0-1"]
[WhiteElo "2163"]
[BlackElo "2447"]
[PlyCount "82"]
[EventDate "2004.09.25"]
[EventType "team"]
[EventRounds "11"]
[EventCountry "YUG"]
[SourceTitle "CBM 102 Extra"]
[Source "ChessBase"]
[SourceDate "2004.11.03"]
[SourceVersion "1"]
[SourceVersionDate "2004.11.03"]
[SourceQuality "1"]
[WhiteTeam "10"]
[BlackTeam "02"]
[WhiteTeamCountry "YUG"]
[BlackTeamCountry "YUG"]

1. d4 Nf6 2. Nf3 c5 3. c4 cxd4 4. Nxd4 b6 5. g3 Bb7 6. Nf3 g6 7. Bg2 Bg7 8. 0-0 Qc8 9. Nbd2 0-0 10. Qa4 d6 11. Nd4 Bxg2 12. Kxg2 Qb7+ 13. Kg1 Rc8 14. e3 a6 15. Qd1 Nbd7 16. b3 b5 17. cxb5 axb5 18. Bb2 e5 19. N4f3 e4 20. Bxf6 Bxf6 21. Nd4 d5 22. a4 Bxd4 23. exd4 b4 24. Qb1 Qb6 25. Rd1 Nf8 26. Nf1 Ne6 27. Ne3 Ra5 28. Qb2 Rc3 29. Nc2 h5 30. h4 f5 31. Rd2 f4 32. Kh2 Qd6 33. Rg1 Ng7 34. Qb1 Nf5 35. Qe1 Ra7 36. Na1 Rf7 37. Rc2 fxg3+ 38. fxg3 Nxd4 39. Rxc3 bxc3 40. Qxc3 Nf3+ 41. Kg2 Nxg1 0-1

[Event "Serbia-chT central"]
[Site "Golubac"]
[Date "2003.??.??"]
[Round "?"]
[White "Milutinovic, Zoran"]
[Black "Milosavljevic, Zoran"]
[Result "1/2-1/2"]
[WhiteElo "2186"]
[BlackElo "2206"]
[PlyCount "113"]
[EventDate "2003.09.27"]
[EventType "team"]
[EventRounds "11"]
[EventCountry "YUG"]
[SourceTitle "CBM 096 Extra"]
[Source "ChessBase"]
[SourceDate "2003.10.22"]
[SourceVersion "2"]
[SourceVersionDate "2003.10.20"]
[SourceQuality "1"]

1. d4 Nf6 2. c4 g6 3. Nc3 Bg7 4. g3 d6 5. Bg2 0-0 6. Nf3 Nbd7 7. 0-0 c5 8. b3 a6 9. Bb2 Rb8 10. a4 e6 11. Qc2 b6 12. Rfd1 Qc7 13. e4 Bb7 14. d5 e5 15. Bc1 Bc8 16. Bd2 Qd8 17. Qc1 Ne8 18. Bh3 Ndf6 19. Bg2 Bg4 20. h3 Bd7 21. Bf1 Nc7 22. Re1 Qc8 23. Kh2 h5 24. Bg5 Kh7 25. Qd2 Ng8 26. Qc2 f6 27. Bd2 Rf7 28. Ra2 Nh6 29. Bg2 Bf8 30. Qc1 Ng8 31. Rf1 Be7 32. Be3 Qf8 33. Bd2 Qg7 34. Qd1 Rbf8 35. Rb2 a5 36. Bc1 Na6 37. Nb5 Nb4 38. Nc7 Rd8 39. Qe2 Bf8 40. Nb5 Bxb5 41. axb5 Ra8 42. Bd2 Rfa7 43. Ra1 Qd7 44. Bxb4 cxb4 45. Rba2 Bh6 46. Ne1 Ne7 47. Nd3 Nc8 48. h4 Qf7 49. Bh3 f5 50. Qf3 fxe4 51. Qxe4 Ne7 52. Be6 Qf6 53. Nxb4 Rf8 54. Nc6 Rc7 55. Nxe7 Qxe7 56. Kg2 Qf6 57. Rb1 1/2-1/2